[Event "13th HIT Open A"]
[Site "Nova Gorica SLO"]
[Date "2008.01.26"]
[Round "1"]
[White "Kragelj,I"]
[Black "Starostits,I"]
[Result "0-1"]
[WhiteElo "2228"]
[BlackElo "2500"]

1.d4 Nf6 2.c4 e6 3.Nf3 b6 4.g3 Ba6 5.b3 d5 6.Bg2 Bb4+ 7.Bd2 Be7 8.cxd5 exd5
9.Nc3 O-O 10.O-O c5 11.Rc1 Nbd7 12.Bf4 Rc8 13.dxc5 Nxc5 14.Be5 Ncd7 15.Bf4 Ba3
16.Rc2 Re8 17.Nd4 Bc5 18.Ncb5 Bxd4 19.Nxd4 Nc5 20.Re1 Qd7 21.h3 Nfe4 22.Qc1 h6
23.Rd1 Bb7 24.g4 a5 25.Nf5 Re6 26.Qb2 f6 27.Rdc1 Ba6 28.Nd4 Ree8 29.Nf5 Rcd8
30.Nd4 Kh8 31.Rd1 Qf7 32.Rdc1 Rd7 33.Rd1 Qf8 34.Rdc1 Bd3 35.exd3 Nxd3 36.Qa1 Nxf4
37.Bf1 Nd6 38.Rc6 f5 39.Rxb6 fxg4 40.hxg4 h5 41.f3 Qe7 42.Qc3 Qg5 43.Rc2 hxg4
44.Rh2+ Kg8 45.fxg4 Qxg4+ 46.Kh1 Ne4 47.Qf3 Ng3+ 48.Kg1 Nfe2+  0-1

[Event "Kots Mem"]
[Site "Donetsk UKR"]
[Date "2008.01.27"]
[Round "10"]
[White "Serik,M"]
[Black "Solovyev,A"]
[Result "1-0"]
[WhiteElo "2282"]
[BlackElo "2059"]

1.d4 Nf6 2.c4 e6 3.Nf3 b6 4.g3 Ba6 5.Qc2 Bb7 6.Bg2 Be7 7.Nc3 O-O 8.e4 d6
9.e5 Nfd7 10.exd6 cxd6 11.Ng5  1-0

[Event "Velammal 45th National A ch-IND"]
[Site "Chennai IND"]
[Date "2008.02.03"]
[Round "1"]
[White "Thejkumar,M"]
[Black "Kunte,A"]
[Result "1/2-1/2"]
[WhiteElo "2382"]
[BlackElo "2550"]

1.d4 Nf6 2.Nf3 e6 3.c4 b6 4.g3 Ba6 5.Nbd2 Bb4 6.Qc2 Bb7 7.Bg2 Be4 8.Qd1 Bxd2+
9.Qxd2 d6 10.O-O O-O 11.b3 a5  1/2-1/2

[Event "Velammal 45th National A ch-IND"]
[Site "Chennai IND"]
[Date "2008.02.04"]
[Round "2"]
[White "Sriram,J"]
[Black "Shetty,R"]
[Result "1/2-1/2"]
[WhiteElo "2457"]
[BlackElo "2320"]

1.d4 Nf6 2.c4 e6 3.Nf3 b6 4.g3 Ba6 5.Qc2 Bb7 6.Bg2 c5 7.d5 exd5 8.cxd5 Nxd5
9.O-O Be7 10.Rd1 Qc8 11.Qf5 Nf6 12.Nc3 Nc6 13.Bg5 d5 14.Nh4 Nd4 15.Qe5 Qe6
16.Qc7 Bc6 17.Rxd4 Rc8 18.Qf4  1/2-1/2

[Event "Velammal 45th National A ch-IND"]
[Site "Chennai IND"]
[Date "2008.02.04"]
[Round "2"]
[White "Kunte,A"]
[Black "Mishra,N"]
[Result "1-0"]
[WhiteElo "2550"]
[BlackElo "2349"]

1.d4 Nf6 2.c4 e6 3.Nf3 b6 4.g3 Ba6 5.Qc2 d5 6.cxd5 exd5 7.Bg2 Bd6 8.Nc3 O-O
9.O-O Re8 10.Re1 c6 11.Bg5 Bb4 12.Ne5 Bb7 13.e4 Be7 14.Bxf6 Bxf6 15.exd5 cxd5
16.Qb3 Nc6 17.Qxd5 Nxe5 18.Qxb7 Rb8 19.Qxa7 Nd3 20.Rxe8+ Qxe8 21.Ne4 Nxb2
22.Nxf6+ gxf6 23.Rb1 Nd3 24.Be4 Qxe4 25.Qxb8+ Kg7 26.Qxb6 Ne1 27.Qb7 Nf3+
28.Kg2 Nh4+ 29.Kh3  1-0

[Event "4th Open C Women"]
[Site "Moscow RUS"]
[Date "2008.02.06"]
[Round "5"]
[White "Gunina,V"]
[Black "Kalmykova,A"]
[Result "1-0"]
[WhiteElo "2295"]
[BlackElo "2124"]

1.d4 Nf6 2.c4 e6 3.Nf3 b6 4.g3 Ba6 5.b3 Bb7 6.Bg2 Bb4+ 7.Bd2 Be7 8.O-O O-O
9.Nc3 d5 10.cxd5 exd5 11.Qc2 Na6 12.Nh4 c5 13.Nf5 cxd4 14.Nxd4 Nc5 15.Nf5 Rc8
16.Rad1 Nce4 17.Qb2 Nxd2 18.Nxd5 Bxd5 19.Rxd2 Qc7 20.Rxd5 Bb4 21.Rd3 Qc2
22.Qd4 Bc5 23.Qh4 Qxe2 24.Qg5 Ne8 25.Rd7 Qe6 26.Rxa7 h6 27.Qg4 Rd8 28.Bh3 b5
29.Rb7 b4 30.Rb5 Rd5 31.Rb8 Qf6 32.Rb7 Kh8 33.Rb8 Kg8 34.Re1 Nc7 35.Rxf8+ Kxf8
36.Qf4 Ne6 37.Qe4 Rd2 38.Re2 Qa1+ 39.Kg2 Qxa2 40.Qc6 Rxe2 41.Qc8+ Nd8 42.Qxc5+ Kg8
43.Ne7+ Kh8 44.Nd5 Re8 45.Bd7 Ne6 46.Qxb4 Rd8 47.Bc6 Qc2 48.Ne7 Qc5 49.Qxc5 Nxc5
50.b4 Ne6 51.b5 Rb8 52.Nf5 g6 53.Nxh6 Kg7 54.Ng4 Nd4 55.Ne5 Nxb5 56.Nd7 Re8
57.Bxb5 Re7  1-0

[Event "4th Open C Women"]
[Site "Moscow RUS"]
[Date "2008.02.06"]
[Round "5"]
[White "Zhukova,N"]
[Black "Kovanova,B"]
[Result "1/2-1/2"]
[WhiteElo "2443"]
[BlackElo "2348"]

1.d4 Nf6 2.c4 e6 3.Nf3 b6 4.g3 Ba6 5.Qc2 Bb7 6.Bg2 Be7 7.Nc3 O-O 8.Bg5 d5
9.O-O Nbd7 10.cxd5 exd5 11.Rad1 Ne4 12.Nxe4 dxe4 13.Bxe7 Qxe7 14.Nh4 Rac8
15.Bh3 a5 16.Bf5 Qe8 17.Qd2 f6 18.d5 g6  1/2-1/2

[Event "FSGM February"]
[Site "Budapest HUN"]
[Date "2008.02.07"]
[Round "6"]
[White "Ilincic,Z"]
[Black "Mihok,O"]
[Result "1-0"]
[WhiteElo "2561"]
[BlackElo "2351"]

1.d4 Nf6 2.c4 e6 3.Nf3 b6 4.g3 Ba6 5.Qa4 Bb7 6.Bg2 c5 7.O-O cxd4 8.Nxd4 Bxg2
9.Kxg2 Qc8 10.Rd1 Be7 11.Nc3 Qb7+ 12.f3 a6 13.Bg5 h6 14.Bxf6 Bxf6 15.Ne4 Be7
16.Qb3 Ra7 17.Rd2 O-O 18.Rad1 Rc8 19.g4 Nc6 20.Nxc6 Qxc6 21.Rd3 Bf8 22.Rc3 a5
23.a3 a4 24.Qc2 Ra5 25.Rd4 f5 26.gxf5 Rxf5 27.Qd1 Rc7 28.Rcd3 Rf7 29.Nc3 Bc5
30.Rg4 Ra7 31.Qd2 Kh8 32.h4 Ra8 33.Ne4 Raf8 34.Nd6 Rf6 35.h5 Rg8 36.Ne4 Rf7
37.Rg6 Rgf8 38.Qc3 Kh7 39.Rd1 Rg8 40.Rh1 Rf5 41.Rh4 d5 42.cxd5 Qxd5 43.Rhg4 Bd4
44.Qc2 Kh8 45.Qxa4 Bxb2 46.Qb4 Be5 47.Qxb6 Rxh5 48.Ng3 Bxg3 49.Rxg3 Qd1 50.Kf2 Rh2+
51.Rg2 Rxg2+ 52.Rxg2 Qa4 53.Qc5 Ra8 54.Rg6 Qxa3 55.Qd4 Qe7 56.Rxh6+ Kg8 57.Qg4 Re8
58.Qg6 e5 59.Rh5 Rf8 60.Qe4 Rf4 61.Qd5+ Rf7 62.Rxe5 Qh4+ 63.Kg2 Qf4 64.Re8+ Kh7
65.Qh5+ Qh6 66.Qxf7 Qg5+ 67.Kf1  1-0

[Event "Velammal 45th National A ch-IND"]
[Site "Chennai IND"]
[Date "2008.02.10"]
[Round "8"]
[White "Ashwin,J"]
[Black "Ravi,Th"]
[Result "1-0"]
[WhiteElo "2478"]
[BlackElo "2339"]

1.d4 Nf6 2.c4 e6 3.Nf3 b6 4.g3 Ba6 5.Qc2 d5 6.cxd5 exd5 7.Ne5 Bd6 8.Qa4+ c6
9.Nc3 Bb7 10.Bh3 Qe7 11.f4 O-O 12.O-O Ne4 13.Nxe4 dxe4 14.Be3 f6 15.Qb3+ Kh8
16.Be6 fxe5 17.fxe5 Na6 18.exd6 Qxd6 19.Bf7 Nc7 20.Rf5 Nd5 21.Raf1 Rad8 22.Bg5 Ne7
23.R5f2 Bc8 24.Qa3 c5 25.dxc5 bxc5 26.Be3 Bh3 27.Bxc5 Qc6 28.Bxe7 e3 29.Qxe3 Rxf7
30.Bxd8 Bxf1 31.Rxf1 Rxf1+ 32.Kxf1 Qh1+ 33.Qg1 Qd5 34.Bh4 Qd1+ 35.Kf2 Qd4+
36.Kg2 Qe4+ 37.Kh3 Qxe2 38.Qg2 Qe6+ 39.g4 h5 40.Qf3 hxg4+ 41.Qxg4 Qxa2 42.Qh5+ Kg8
43.Qe5 Qf7 44.Kg2 Qb7+ 45.Kg1 Qb6+ 46.Bf2 Qg6+ 47.Kf1 Qb1+ 48.Kg2 Qg6+ 49.Kf3 Qc6+
50.Kf4 Qh6+ 51.Ke4 Qg6+ 52.Ke3 Qf7 53.Be1 Qb3+ 54.Bc3 Qb6+ 55.Ke4 Qg6+ 56.Kd5 Qd3+
57.Kc6 Qa6+ 58.Kc7 Qb6+ 59.Kc8 Qa6+ 60.Kb8 Qb6+ 61.Ka8 Qc6+ 62.Kxa7 Qa4+
63.Kb6 Qb3+ 64.Kc5 Kf8 65.Qxg7+ Ke8 66.Qe5+ Kf8 67.h4 Qc2 68.Qf6+ Ke8 69.h5 Qc1
70.h6 Qe3+ 71.Kb4 Qe4+ 72.Qd4 Qb7+ 73.Ka3 Qe7+ 74.b4  1-0

[Event "Velammal 45th National A ch-IND"]
[Site "Chennai IND"]
[Date "2008.02.14"]
[Round "12"]
[White "Arun Prasad,S"]
[Black "Kunte,A"]
[Result "1/2-1/2"]
[WhiteElo "2423"]
[BlackElo "2550"]

1.d4 Nf6 2.c4 e6 3.Nf3 b6 4.g3 Ba6 5.b3 Bb7 6.Bg2 Bb4+ 7.Bd2 c5 8.Bxb4 cxb4
9.O-O O-O 10.a3 bxa3 11.Nxa3 a5 12.Nb5 Na6 13.Rc1 d6  1/2-1/2

[Event "67th ch-GEO KO"]
[Site "Tbilisi GEO"]
[Date "2008.02.15"]
[Round "1.1"]
[White "Benidze,D"]
[Black "Bagaturov,G"]
[Result "1-0"]
[WhiteElo "2359"]
[BlackElo "2498"]

1.d4 Nf6 2.c4 e6 3.Nf3 b6 4.g3 Ba6 5.b3 Bb4+ 6.Bd2 Be7 7.Bg2 c6 8.O-O d5
9.Ne5 O-O 10.Bc3 Nfd7 11.Nxd7 Nxd7 12.Nd2 Rb8 13.Re1 b5 14.e4 dxc4 15.bxc4 Nb6
16.Rb1 b4 17.Bxb4 Bxb4 18.Rxb4 Qxd4 19.Qc1 c5 20.Rb1 Nxc4 21.Nb3 Qd6 22.Rd1 Qc6
23.Qg5 Na3 24.Rbc1 c4 25.Qa5 Qb6 26.Qxa3 cxb3 27.Rd6 b2 28.Rb1 Qb5 29.Rxa6 Rfd8
30.Bf1 Qe5 31.Rxa7 Qd4 32.Ra4 Qd2 33.Rc4 h5 34.Qc3 g6 35.a4 Qxc3 36.Rxc3 Rd4
37.Bb5 Rxe4 38.Rc2  1-0

[Event "TCh-HUN 2007-8"]
[Site "Budapest HUN"]
[Date "2008.02.17"]
[Round "6"]
[White "Gyimesi,Z"]
[Black "Szabo,Zso2"]
[Result "1-0"]
[WhiteElo "2610"]
[BlackElo "2445"]

1.d4 Nf6 2.c4 e6 3.Nf3 b6 4.g3 Ba6 5.Nbd2 d5 6.Bg2 Be7 7.O-O O-O 8.Ne5 c6
9.b3 Nfd7 10.Nd3 Bb7 11.e4 Na6 12.Bb2 Nc7 13.Rc1 a5 14.Re1 Re8 15.h4 Bf8
16.Kh2 Rc8 17.Nf4 Ba8 18.cxd5 cxd5 19.e5 Na6 20.Bf1 Rxc1 21.Qxc1 Nb4 22.a3 Nc6
23.Bd3 g6 24.Nf3 Bb7 25.Kg2 Ne7 26.h5 Qc8 27.Qd1 Ba6 28.Bb1 Bh6 29.Bc1 Bg7
30.Rh1 Qc3 31.g4 Nf8 32.Be3 Rc8 33.a4 Qb2 34.Ng5 h6 35.Nxf7 g5 36.Qf3 gxf4
37.Qxf4 Qe2 38.Nd6 Rc3 39.Re1 Qxe1 40.Qf7+ Kh8 41.Ne8 Qf1+ 42.Kh2  1-0

[Event "1st ZSKA Open"]
[Site "Sofia BUL"]
[Date "2008.02.23"]
[Round "2"]
[White "Nikolov,Sav"]
[Black "Nikolova,A"]
[Result "0-1"]
[WhiteElo "1973"]
[BlackElo "2194"]

1.d4 Nf6 2.c4 e6 3.Nf3 b6 4.g3 Ba6 5.Bg2 Bxc4 6.Ne5 Bd5 7.Bxd5 Nxd5 8.e4 Nf6
9.O-O Be7 10.Nc3 O-O 11.Nd3 d5 12.e5 Nfd7 13.b4 Nc6 14.Qg4 Kh8 15.b5 f5 16.exf6 Nxf6
17.Qxe6 Nxd4 18.Qh3 Nf3+ 19.Kg2 d4 20.Kxf3 dxc3 21.Nf4 Nd5 22.Rd1 c2 23.Rd2 Nxf4
24.gxf4 Bd6 25.Kg2 Qf6 26.Rxc2 Qg6+  0-1

[Event "Breizh Masters A"]
[Site "Guingamp FRA"]
[Date "2008.02.25"]
[Round "4"]
[White "Dumitrache,D"]
[Black "Le Roux,JP"]
[Result "1/2-1/2"]
[WhiteElo "2495"]
[BlackElo "2491"]

1.d4 Nf6 2.c4 e6 3.Nf3 b6 4.g3 Ba6 5.b3 Bb4+ 6.Bd2 Be7 7.Bg2 c6 8.Bc3 d5
9.Nbd2 Nbd7 10.O-O O-O 11.Re1 Bb7 12.e4 Nxe4 13.Nxe4 dxe4 14.Rxe4 c5 15.Re3 Bf6
16.dxc5 Bxc3 17.Rxc3 Nxc5 18.b4 Ne4 19.Re3 Qf6 20.Qd4 Rac8 21.Qxf6 gxf6 22.Ne5 fxe5  1/2-1/2

[Event "ch-ROU"]
[Site "Cluj ROU"]
[Date "2008.02.26"]
[Round "2"]
[White "Jianu,V"]
[Black "Manea,Al"]
[Result "1-0"]
[WhiteElo "2530"]
[BlackElo "2380"]

1.d4 Nf6 2.c4 e6 3.Nf3 b6 4.g3 Ba6 5.b3 Bb4+ 6.Bd2 Qe7 7.Bg2 Bb7 8.O-O a5
9.Qc2 Be4 10.Qc1 c6 11.Bf4 Bxb1 12.Rxb1 Ba3 13.Qc2 d5 14.cxd5 cxd5 15.Qc8+ Qd8
16.Qxd8+ Kxd8 17.Ne5 Ke7 18.Nc4 Bb4 19.Nxb6 Ra6 20.Na4 Nbd7 21.Rfc1 Raa8
22.Rc2 Ba3 23.Bc1 Bd6 24.Bd2 Ba3 25.Bc1 Bd6 26.Bb2 Rhb8 27.Rc6 Rb7 28.Rbc1 Bb4
29.f3 Rab8 30.e4 Kd8 31.Kf2 Nb6 32.Nxb6 Rxb6 33.Rxb6 Rxb6 34.Ke2 Kd7 35.Kd3 Rb8
36.Rc2 Rb7 37.Bc1 Rb8 38.Bf1 Rb7 39.Be2 Rb6 40.Bf4 Ne8 41.Bc1 Nf6 42.Ke3 Be7
43.Bd3 h6 44.Ke2 dxe4 45.fxe4 e5 46.dxe5 Ng4 47.Bf4 g5 48.e6+ Kxe6 49.Bc7 Rb7
50.Ba6 Ra7 51.Bc8+  1-0

[Event "Breizh Masters A"]
[Site "Guingamp FRA"]
[Date "2008.02.26"]
[Round "5"]
[White "Le Roux,JP"]
[Black "Monroy,C"]
[Result "1/2-1/2"]
[WhiteElo "2491"]
[BlackElo "2380"]

1.d4 Nf6 2.Nf3 e6 3.c4 b6 4.g3 Ba6 5.Qc2 Bb7 6.Bg2 c5 7.d5 exd5 8.cxd5 Nxd5
9.O-O Be7 10.Rd1 Nc6 11.Qf5 Nf6 12.e4 g6 13.Qf4 O-O 14.e5 Nh5 15.Qg4 d5 16.exd6 Bxd6
17.Nc3 Qb8 18.Qh4 Nd4 19.Nxd4 cxd4 20.Nd5 Be5 21.Bh6 Re8 22.Ne7+ Kh8 23.Nc6 Bf6
24.Nxb8 Bxh4 25.Bxb7 Raxb8 26.Bc6 Rec8 27.Bf3 Bf6 28.g4 Ng7 29.Bf4 Ne6 30.Bxb8 Rxb8
31.Rac1 Kg7 32.Kf1 Rd8 33.Rc4 d3 34.b3 Bg5 35.a4 d2 36.Be4 Kf6 37.Bc2 Bf4
38.h4 h6 39.Kg2 Nd4 40.b4 a6 41.Be4 g5  1/2-1/2

[Event "65th ch-GEO w"]
[Site "Tbilisi GEO"]
[Date "2008.03.03"]
[Round "5"]
[White "Charkhalashvili,I"]
[Black "Tsatsalashvili,K"]
[Result "1-0"]
[WhiteElo "2369"]
[BlackElo "2214"]

1.d4 Nf6 2.c4 e6 3.Nf3 b6 4.g3 Ba6 5.b3 Bb4+ 6.Bd2 Be7 7.Bg2 c6 8.O-O O-O
9.Bc3 d5 10.Nbd2 Nbd7 11.Re1 Rc8 12.e4 dxe4 13.Nxe4 c5 14.dxc5 Nxc5 15.Nxc5 Bxc5
16.Ne5 Rc7 17.Qe2 Qc8 18.Rad1 Be7 19.Ng4 Rd8 20.Nxf6+ Bxf6 21.Bxf6 gxf6 22.Qg4+ Kf8
23.Qh4 Rxd1 24.Qh6+ Ke7 25.Rxd1 Rd7 26.Rxd7+ Qxd7 27.Qxh7 Qd1+ 28.Bf1 Qd2
29.Qe4 Bc8 30.Qe2 Qc1 31.h4 Bb7 32.Kh2 f5 33.Bg2 Bxg2 34.Kxg2 Qb1 35.Qd2 Qe4+
36.Kh2 f6 37.Qf4 Qc2 38.Qc7+ Ke8 39.Qb8+ Kd7 40.Qxa7+ Kc6 41.Qa8+ Kc5 42.Kg2 e5
43.Qf8+ Kd4 44.Qxf6 Qe4+ 45.Kh2 Kd3 46.Qg5 Kc2 47.Qe3 Qd4 48.h5 Qd6 49.h6 Qg6
50.Qxe5 Qxh6+ 51.Kg2 Qg6 52.b4 Qf7 53.Qd5  1-0

[Event "65th ch-GEO w"]
[Site "Tbilisi GEO"]
[Date "2008.03.04"]
[Round "6"]
[White "Dzagnidze,N"]
[Black "Khurtsidze,N"]
[Result "0-1"]
[WhiteElo "2429"]
[BlackElo "2441"]

1.d4 Nf6 2.c4 e6 3.Nf3 b6 4.g3 Ba6 5.Qc2 c6 6.Bg2 d5 7.Ne5 Nfd7 8.cxd5 cxd5
9.O-O Nxe5 10.dxe5 Nd7 11.Nc3 Bc5 12.Qa4 Bb7 13.Rd1 a6 14.b4 b5 15.Qb3 Ba7
16.Bb2 O-O 17.e3 Qb8 18.e4 d4 19.Ne2 Nxe5 20.Bxd4 Rd8 21.Qc3 Bxd4 22.Nxd4 Qd6
23.Qe1 Qb6 24.Nb3 Nd3 25.Qd2 Rac8 26.a3 Nc1 27.Raxc1 Rxd2 28.Rxc8+ Bxc8 29.Rxd2 e5
30.Nc5 g6 31.Rd5 Be6 32.Nxe6 Qxe6 33.Rd3 Qc4 34.Re3 Qd4 35.Bh3 Kg7 36.Bc8 Qb6
37.h4 Qc6 38.Bh3 Qc2 39.Kg2 Kf8 40.Kg1 Ke7 41.Kg2 Kd6 42.Kg1 f5 43.exf5 gxf5
44.Kg2 Qc6+ 45.Kh2 Qc2 46.Kg2 f4 47.gxf4 exf4 48.Rf3 Qe4 49.h5 Ke5 50.Bg4 Kf6
51.Bc8 Kg5 52.h6 Qc6 53.Bh3 Kxh6 54.Bf5 Kg5 55.Bd3 Kg4 56.Be2 Qd5  0-1

[Event "40th WGM"]
[Site "Belgrade SCG"]
[Date "2008.03.07"]
[Round "5"]
[White "Rakic,Ma"]
[Black "Bojkovic,N"]
[Result "0-1"]
[WhiteElo "2218"]
[BlackElo "2408"]

1.d4 Nf6 2.c4 e6 3.Nf3 b6 4.g3 Ba6 5.Nbd2 Bb4 6.Qc2 O-O 7.Bg2 d5 8.O-O c5
9.b3 Nc6 10.Bb2 Nxd4 11.Nxd4 cxd4 12.Bxd4 Rc8 13.Bc3 Qe7 14.a3 Bxc3 15.Qxc3 dxc4
16.Nxc4 Bxc4 17.bxc4 Rc5 18.a4 Rfc8 19.Rfc1 Qc7 20.Rab1 h6 21.Bf3 Ne8 22.Rb5 Rxc4
23.Qxc4 Qxc4 24.Rxc4 Rxc4 25.a5 Rc5 26.axb6 Rxb5 27.bxa7 Nc7 28.a8=Q+ Nxa8
29.Bxa8 Rb2 30.e3 Kf8 31.Kg2 Ke7 32.g4 f5 33.gxf5 exf5 34.h4 Kf6 35.Kg3 Rb3
36.Bc6 Ke5 37.Kg2 Rc3 38.Bf3 f4 39.exf4+ Kxf4 40.Be2 Rc2 41.Bf3 Rb2 42.Bd1 g6
43.h5 g5 44.Ba4 g4 45.Kg1 Ra2 46.Be8 Rd2 47.Kf1 Rd8 48.Bf7 Kf3 49.Ke1 Kg2
50.Bc4 Re8+  0-1

[Event "TCh-FIN 2007-8"]
[Site "Finland FIN"]
[Date "2008.03.09"]
[Round "9"]
[White "Lehtivaara,P"]
[Black "Sammalvuo,N"]
[Result "1-0"]
[WhiteElo "2402"]
[BlackElo "2253"]

1.d4 Nf6 2.c4 e6 3.Nf3 b6 4.g3 Ba6 5.Qa4 Bb7 6.Bg2 c5 7.dxc5 Bxc5 8.O-O O-O
9.Nc3 Qc8 10.Bf4 Nh5 11.Bd2 f5 12.Rac1 f4 13.b4 Be7 14.Qb3 Nc6 15.Nd5 fxg3
16.Nxe7+ Nxe7 17.hxg3 Be4 18.Bg5 Nf6 19.Ne5 Bxg2 20.Kxg2 Nc6 21.Bxf6 Rxf6
22.Nxc6 Qxc6+ 23.f3 Rg6 24.Qd3 Qc7 25.f4 Rf8 26.Qe4 Qd8 27.Rf3 Rf5 28.Rd1 h5
29.Qd3 Qc7 30.Rh1 Rg4 31.e3 d5 32.Rc1 h4 33.Rc2 Qd8 34.e4 Rh5 35.cxd5 exd5
36.e5 hxg3 37.Rxg3 Rhh4 38.Qf5 Rxf4 39.Qe6+  1-0

[Event "65th ch-GEO w"]
[Site "Tbilisi GEO"]
[Date "2008.03.10"]
[Round "11"]
[White "Charkhalashvili,I"]
[Black "Khukhashvili,S"]
[Result "0-1"]
[WhiteElo "2369"]
[BlackElo "2387"]

1.d4 Nf6 2.c4 e6 3.Nf3 b6 4.g3 Ba6 5.b3 Bb4+ 6.Bd2 Be7 7.Bg2 d5 8.Nc3 O-O
9.cxd5 exd5 10.O-O Bb7 11.Qc2 Na6 12.Rfd1 Re8 13.a3 c6 14.b4 Nc7 15.Qb3 Bd6
16.Rac1 Qe7 17.Nh4 g6 18.Re1 Ne4 19.Bh6 Qf6 20.Be3 Nxc3 21.Qxc3 a5 22.Ra1 Qe7
23.Bd2 axb4 24.axb4 Nb5 25.Qb2 Rxa1 26.Qxa1 Bxb4 27.Nf3 Bxd2 28.Nxd2 Qb4
29.Nf3 Nc3 30.e3 Ra8 31.Qc1 Ra2 32.Bf1 Ne4 33.Qb1 Rb2 34.Qa1 Rxf2 35.Rb1 Qe7
36.Bg2 b5 37.Qa7 Rc2 38.Ne5 Nd6 39.Qb8+ Kg7 40.Ra1 b4 41.Rb1 f6 42.Ng4 h5  0-1

[Event "TCh-AUT 1st Bundesliga 2007-8"]
[Site "Graz AUT"]
[Date "2008.03.15"]
[Round "10"]
[White "Horvath,Cs1"]
[Black "Meszaros,T"]
[Result "1-0"]
[WhiteElo "2530"]
[BlackElo "2437"]

1.d4 Nf6 2.c4 e6 3.Nf3 b6 4.g3 Ba6 5.b3 Bb4+ 6.Bd2 Be7 7.Bg2 c6 8.O-O d5
9.Qc2 Nbd7 10.Rd1 O-O 11.Bf4 Rc8 12.Nc3 Qe8 13.e4 dxc4 14.h3 Bb4 15.Nd2 e5
16.Be3 exd4 17.Bxd4 Bc5 18.Nxc4 Bxc4 19.bxc4 Qe7 20.f4 Rfd8 21.Kh2 Nf8 22.Bxc5 Qxc5
23.e5 Ne8 24.Ne4 Qe3 25.Rab1 Ne6 26.Rb3 Nd4 27.Rxe3 Nxc2 28.Red3 Rxd3 29.Rxd3 Kf8
30.c5 Ne1 31.Rd7 Nxg2 32.Rxa7 bxc5 33.Kxg2 c4 34.Kf3 Rd8 35.Ra3 f6 36.exf6 Nxf6
37.Nxf6 gxf6 38.Ke4 Rd5 39.Rc3 f5+ 40.Ke3 Ra5 41.Rxc4 Ra3+ 42.Kd4 Rxg3 43.Rc3 Rg2
44.a4 Ra2 45.Rc4 Ke7 46.Ke5 Re2+ 47.Kxf5 Kd6 48.Rd4+ Kc5 49.Re4 Rh2 50.Ke6 Ra2  1-0

[Event "TCh-HUN 2007-8"]
[Site "Budapest HUN"]
[Date "2008.03.16"]
[Round "8"]
[White "Izsak,Gyu"]
[Black "Lenic,L"]
[Result "1/2-1/2"]
[WhiteElo "2427"]
[BlackElo "2531"]

1.d4 Nf6 2.Nf3 e6 3.c4 b6 4.g3 Ba6 5.b3 b5 6.cxb5 Bxb5 7.Bg2 d5 8.O-O Be7
9.Nc3 Ba6 10.Bb2 Nbd7 11.Na4 O-O 12.Rc1 Rc8 13.Ne1 c5 14.dxc5 Nxc5 15.Nxc5 Rxc5
16.Rxc5 Bxc5 17.Nd3 Bb6 18.Qa1 Re8 19.a4 Bxd3 20.exd3 Bc5 21.Bxf6 gxf6 22.Rc1 Bb4
23.Qd4 a5 24.Bf3 f5 25.Rc6 Qg5 26.Rc7 Bd6 27.Rc6 Bf8 28.Rc7 Qd8 29.Qa7 Re7
30.Rxe7 Bxe7 31.Bh5 d4 32.Qb7 Kg7 33.f4 Qd6 34.Qb5 Qd8 35.Qb7 Qd6 36.Qb5 Qc7
37.Qc4 Bc5 38.Bf3 Qd6 39.Kg2 Bb4 40.Qb5 Qf8 41.Qe5+ Kg8 42.Qxd4 Qd6 43.Qxd6 Bxd6
44.d4 Bb4 45.d5 Kf8  1/2-1/2

[Event "Romanian Young Int"]
[Site "Bucharest ROM"]
[Date "2008.03.18"]
[Round "5"]
[White "Agafii,V"]
[Black "Ogleznev,A"]
[Result "1/2-1/2"]
[WhiteElo "2298"]
[BlackElo "2300"]

1.d4 Nf6 2.c4 e6 3.Nf3 b6 4.g3 Ba6 5.b3 Bb4+ 6.Bd2 Be7 7.Bg2 c6 8.O-O d5
9.Qc2 O-O 10.Ne5 Nfd7  1/2-1/2

[Event "V U20 Int"]
[Site "Los Llanos de Aridane ESP"]
[Date "2008.03.18"]
[Round "6"]
[White "Hernandez Leon,A"]
[Black "Garcia Ortega Mendez,J"]
[Result "1-0"]
[WhiteElo "2200"]
[BlackElo "2176"]

1.d4 Nf6 2.Nf3 e6 3.c4 b6 4.g3 Ba6 5.Qc2 Bb7 6.Bg2 c5 7.d5 exd5 8.cxd5 Bxd5
9.Nc3 Bc6 10.e4 d6 11.Bf4 Nbd7 12.O-O-O Qc7 13.e5 Nxe5 14.Nxe5 Bxg2 15.Rhe1 O-O-O
16.Nb5 Qb7 17.Nc4 Be4 18.Qa4 Bc6 19.Nxa7+ Kc7 20.Nxd6 Rxd6 21.Bxd6+ Bxd6
22.Re7+ Nd7 23.Nxc6 b5 24.Rxd6 Kxd6 25.Qf4+ Kxc6 26.Qe4+ Kb6 27.Qxb7+ Kxb7
28.Rxd7+ Kc6 29.Rxf7 Re8 30.Rxg7 Re2 31.Rf7 Kd5 32.Rd7+ Kc4 33.Rd2 Re7 34.Kc2 Ra7
35.a3 b4 36.axb4 cxb4 37.b3+ Kc5 38.Kb2 Rf7 39.f4 h5 40.Rf2 Kd4 41.f5 Ke5
42.f6 Rxf6 43.Rxf6 Kxf6 44.Kc2 Kf5 45.h3 Ke4 46.Kd2 Kf3 47.g4 hxg4 48.hxg4 Kxg4
49.Kd3  1-0

[Event "15th Belisce Metalis Open"]
[Site "Bizovac CRO"]
[Date "2008.03.21"]
[Round "2"]
[White "Perisic,Ro"]
[Black "Bender,I"]
[Result "0-1"]
[WhiteElo "2096"]
[BlackElo "2327"]

1.d4 Nf6 2.Nf3 e6 3.c4 b6 4.g3 Ba6 5.Qc2 d5 6.cxd5 Nxd5 7.Bg2 Be7 8.O-O O-O
9.Nc3 Bb7 10.Nxd5 Bxd5 11.Bf4 Nc6 12.e4 Nb4 13.Qe2 Bb7 14.Rfd1 Ba6 15.Qd2 c5
16.d5 exd5 17.exd5 Nd3 18.Ne5 Nxf4 19.gxf4 Bd6 20.Rac1 Qh4 21.Rc3 Bc8 22.Qe3 f6
23.Nd3 Bf5 24.Qg3 Qh6 25.Re1 Rfe8 26.Rcc1 Rxe1+ 27.Rxe1 c4 28.Ne5 fxe5 29.fxe5 Re8
30.f4 Be7 31.Rd1 Qh4 32.Qxh4 Bxh4 33.d6 Be6 34.Be4 g6 35.Kg2 Kf7 36.Kf3 Rc8
37.Rc1 Ke8 38.Ke3 Kd7 39.Kd4 b5 40.Ke3 a5 41.a3 Bd8 42.Rc2 Bb6+ 43.Kf3 Rc5
44.Kg3 Bd5 45.Re2 Bxe4 46.Rxe4 Ke6 47.Rd4 Rxe5 48.d7 Rd5  0-1

[Event "Doeberl Cup"]
[Site "Canberra AUS"]
[Date "2008.03.21"]
[Round "3"]
[White "Brown,An"]
[Black "Oliver,S"]
[Result "0-1"]
[WhiteElo "2004"]
[BlackElo "1940"]

1.d4 Nf6 2.c4 e6 3.Nf3 b6 4.g3 Ba6 5.Qc2 Bb7 6.Bg2 c5 7.d5 exd5 8.cxd5 Bxd5
9.Nc3 Bb7 10.Bg5 Be7 11.Rd1 h6 12.Bf4 a6 13.e4 Nc6 14.e5 Nd4 15.Rxd4 cxd4
16.exf6 Bxf6 17.Bd6 Be7 18.Qe2 dxc3 19.O-O O-O 20.Qxe7 Qxe7 21.Bxe7 Rfe8
22.Bd6 cxb2 23.Nd2 Bxg2 24.Kxg2 Re2 25.Bf4 Rae8 26.Nc4 b5 27.Ne3 g5 28.Kf3 gxf4
29.Kxe2 fxe3 30.fxe3 Rc8 31.Kd2 Rc1 32.Rxc1 bxc1=Q+ 33.Kxc1 Kg7 34.Kd2 Kf6
35.h3 Ke5 36.Kd3 d5 37.g4 f6 38.h4 a5 39.a3 b4 40.a4 b3 41.h5 b2 42.Kc2 Ke4
43.Kxb2 Kxe3  0-1

[Event "20th Festival"]
[Site "Lenk SUI"]
[Date "2008.03.22"]
[Round "4"]
[White "Benkovic,P"]
[Black "Pavlovic,Milos"]
[Result "1/2-1/2"]
[WhiteElo "2448"]
[BlackElo "2522"]

1.d4 Nf6 2.Nf3 e6 3.c4 b6 4.g3 Ba6 5.b3 Bb7 6.Bg2 Bb4+ 7.Bd2 a5 8.O-O O-O
9.Nc3 d6 10.Qc2 Nbd7 11.Rfe1 Bxc3 12.Bxc3 Be4 13.Qb2 a4 14.Nd2 Bxg2 15.Kxg2 c5
16.e4 cxd4 17.Bxd4 Qc7 18.Rad1 axb3 19.axb3 Rfb8 20.Ra1 Rxa1 21.Rxa1 e5 22.Be3 h6
23.Qb1  1/2-1/2

[Event "Far West Open"]
[Site "Reno USA"]
[Date "2008.03.22"]
[Round "3"]
[White "Pupols,V"]
[Black "Walls,J"]
[Result "0-1"]
[WhiteElo "2228"]
[BlackElo "2027"]

1.d4 Nf6 2.c4 e6 3.Nf3 b6 4.g3 Ba6 5.b3 Bb4+ 6.Bd2 Be7 7.Bg2 Bb7 8.O-O O-O
9.Nc3 Ne4 10.Nxe4 Bxe4 11.Ne1 Bxg2 12.Nxg2 f5 13.Bc3 Bf6 14.Qd3 Qe7 15.e4 g6
16.e5 Bg7 17.f4 d5 18.exd6 cxd6 19.Rfe1 Nd7 20.Re2 Nf6 21.Nh4 Ne4 22.Nf3 Rfe8
23.Bb2 Rad8 24.b4 e5 25.Rae1 Qc7 26.fxe5 dxe5 27.d5 Nxg3 28.Rxe5 Ne4 29.Rxe8+ Rxe8
30.Bxg7 Qxg7 31.Qd4 Qc7 32.d6 Nxd6 33.Qd5+ Kg7 34.Rxe8 Nxe8 35.c5 Nf6 36.Qd4 bxc5
37.bxc5 Qb7 38.Nd2 Qd5 39.Qc3 Qc6 40.Nf3 Kg8 41.Ne5 Qd5 42.Qb3 Kg7 43.Qxd5 Nxd5
44.Kf2 Kf6 45.Nc6 a6 46.Nb8 Nc7 47.Nd7+ Ke7 48.Nb6 Ke6 49.h4 h6 50.Nc4 Kd5
51.h5 gxh5 52.Nd6 Kxc5 53.Nxf5 Kb4 54.Kg3 Nd5 55.Kh4 Nf6 56.Nxh6 Ka3 57.Kg5 Ne4+
58.Kxh5 Kxa2 59.Nf5 a5 60.Kg4 Kb2 61.Kf4 a4 62.Ne3 Nd2 63.Nd5 a3 64.Nb4 Kb3
65.Nd3 Kc3 66.Nc1 Nb3 67.Na2+ Kb2 68.Nb4 Nd4 69.Ke4 Nc2 70.Nd3+ Kb1  0-1

[Event "SCT Ladies Open"]
[Site "Stockholm SWE"]
[Date "2008.03.24"]
[Round "8"]
[White "Zatonskih,A"]
[Black "Sammalvuo,N"]
[Result "1-0"]
[WhiteElo "2458"]
[BlackElo "2253"]

1.d4 Nf6 2.c4 e6 3.Nf3 b6 4.g3 Ba6 5.Qc2 Bb7 6.Bg2 c5 7.d5 exd5 8.cxd5 Bxd5
9.Nc3 Bc6 10.O-O Be7 11.e4 O-O 12.Rd1 Ne8 13.Be3 Nc7 14.Rd2 Qc8 15.Rad1 Qb7
16.Ne5 Bf6 17.Nxc6 dxc6 18.f4 Bxc3 19.bxc3 a5 20.f5 a4 21.Bf4 Nb5 22.e5 Qe7
23.Qd3 g5 24.f6 Qe6 25.Bxg5 Qxe5 26.Bh6 Re8 27.Re2  1-0

[Event "Spring Open"]
[Site "Belgrade SCG"]
[Date "2008.04.02"]
[Round "9"]
[White "Rodic,Dr"]
[Black "Pantovic,D"]
[Result "0-1"]
[WhiteElo "2143"]
[BlackElo "2171"]

1.d4 Nf6 2.c4 e6 3.Nf3 b6 4.g3 Ba6 5.Bg2 Bxc4 6.Qc2 Bd5 7.Nc3 Bb4 8.Bg5 h6
9.Bxf6 Qxf6 10.O-O Bxc3 11.Qxc3 c6 12.a4 O-O 13.a5 Na6 14.Ne5 Bxg2 15.Kxg2 Qe7
16.e4 Nc7 17.h4 Nb5 18.Qc4 Rfe8 19.f4 d5 20.Qd3 Qd6 21.Nf3 dxe4 22.Qxe4 Qd5
23.Qe3 Red8 24.Rfd1 Nd6 25.b4 Nf5 26.Qc3 Rac8 27.g4 Nxh4+ 28.Kg3 Nxf3 29.Qxf3 Qxf3+
30.Kxf3 c5 31.dxc5 Rxd1 32.Rxd1 bxa5 33.bxa5 Rxc5 34.Rd8+ Kh7 35.Rd7 Rxa5
36.Rxf7 Kg6 37.Rb7 Kf6  0-1

[Event "TCh-RUS w"]
[Site "Dagomys RUS"]
[Date "2008.04.02"]
[Round "1"]
[White "Tarasova,Viktoriy"]
[Black "Kursova,M"]
[Result "0-1"]
[WhiteElo "2276"]
[BlackElo "2322"]

1.d4 Nf6 2.c4 e6 3.Nf3 b6 4.g3 Ba6 5.Qc2 Bb7 6.Bg2 c5 7.d5 exd5 8.cxd5 Nxd5
9.O-O Nc7 10.Nc3 Be7 11.Rd1 Qc8 12.e4 O-O 13.Be3 d6 14.Ng5 h6 15.Nh3 Nd7
16.Nf4 Nf6 17.Bh3 Qb8 18.a4 Bc6 19.f3 Qb7 20.Qb3 Kh8 21.Nb5 Rad8 22.e5 Nfd5
23.exd6 Bxd6 24.Nxd6 Rxd6 25.Nxd5 Rxd5 26.Qc3 Kg8 27.Re1 Rdd8 28.Bf2 Nd5
29.Qb3 Nb4 30.Re3 Rfe8 31.Rae1 Rxe3 32.Rxe3 Re8 33.Rxe8+ Bxe8 34.a5 Bc6 35.axb6 axb6
36.Bg2 Qd7 37.h4 Qd2 38.Qc3 Qd1+ 39.Kh2 Nd3 40.Be3 Ne1 41.Bf2 Nxf3+  0-1